000 00231nam a2200097Ia 4500
008 240709s9999 xx 000 0 und d
041 _aeng
100 _aYashwant Kanetkar
_9207819
245 _aLet Us ' C '
260 _bBPB Publisher
999 _c358973
_d358973